000 00196 a2200097 4500
001 32637
100 _aRussell, R
245 _aGhalib
260 _aLondon
_bG A & Unwin
_c
090 _c21850
_d21850
942 _aNUST-CAE
_cM
_c13170
999 _c267710
_d267710